The Structural study of myth and totemism; (Record no. 6928)

MARC details
000 -LEADER
fixed length control field 01236cam a2200277 4500
001 - CONTROL NUMBER
control field 8048
005 - DATE AND TIME OF LATEST TRANSACTION
control field 20181127184948.0
008 - FIXED-LENGTH DATA ELEMENTS--GENERAL INFORMATION
fixed length control field 731001s1967 enkab b 000 0 eng
010 ## - LIBRARY OF CONGRESS CONTROL NUMBER
LC control number 67096770
082 00 - DEWEY DECIMAL CLASSIFICATION NUMBER
Classification number 291/.1
100 ## - MAIN ENTRY--PERSONAL NAME
Personal name Leach, Edmund.
Numeration
Titles and words associated with a name
Dates associated with a name
Relator term editor
Fuller form of name
245 04 - TITLE STATEMENT
Title The Structural study of myth and totemism;
Statement of responsibility, etc. edited by Edmund Leach.
260 ## - PUBLICATION, DISTRIBUTION, ETC.
Place of publication, distribution, etc. London,
Name of publisher, distributor, etc. Tavistock Publications,
Date of publication, distribution, etc. 1967.
300 ## - PHYSICAL DESCRIPTION
Extent xix, 185 p.
Other physical details maps, diagrs.
Dimensions 22 1/2 cm.
440 #0 - SERIES STATEMENT/ADDED ENTRY--TITLE
Title A.S.A. monographs ;
Volume/sequential designation 5
500 ## - GENERAL NOTE
General note ""[T]his volume derives mainly from material presented at a conference on recent anthropological studies of myth and totemism sponsored by the Association of Social Anthropologists of the Commonwealth and held at the School of Oriental and African Studies, University of London, 24-26 June 1974.""
General note Label mounted on t.p.: Barnes & Noble, New York.
504 ## - BIBLIOGRAPHY, ETC. NOTE
Bibliography, etc. note Includes bibliographies.
650 #0 - SUBJECT ADDED ENTRY--TOPICAL TERM
Topical term or geographic name entry element Mythology.
Topical term or geographic name entry element Structural anthropology.
Topical term or geographic name entry element Totemism.
700 1# - ADDED ENTRY--PERSONAL NAME
Personal name Leach, Edmund Ronald,
Relator term ed.
710 2# - ADDED ENTRY--CORPORATE NAME
Corporate name or jurisdiction name as entry element Association of Social Anthropologists of the Commonwealth.
Corporate name or jurisdiction name as entry element University of London.
Subordinate unit School of Oriental and African Studies.
Holdings
Withdrawn status Lost status Source of classification or shelving scheme Damaged status Not for loan Collection code Home library Current library Shelving location Serial Enumeration / chronology Inventory number Total Checkouts Full call number Barcode Date last seen Price effective from Koha item type
    Dewey Decimal Classification     Main TEST RTC Library RTC Library Main opac 12132   291 LEA 30011984 27/11/2018 27/11/2018 Main
Royal Thimphu College || All Right Reserved